Islands of São Tomé and Príncipe - Statistics

General Stats
  • This quiz has been taken 33 times
  • The average score is 3 of 15
Answer Stats
Island Name % Correct
Príncipe
100%
São Tomé Island
100%
Ilhéu Bom Bom
22%
Ilhéu das Rolas
17%
Ilhéu Caroço
11%
Ilhéu de Santana
11%
Tinhosa Grande
11%
Tinhosa Pequena
11%
Ilhéu das Cabras
6%
Ilhéu de São Miguel
6%
Sete Pedras
6%
Ilhéu dos Mosteiros
0%
Ilhéu Gabado
0%
Ilhéu Quixibá
0%
Pedra da Galé
0%
No matching quizzes found
Score Distribution
Percent of People with Each Score
Percentile by Number Answered
Your Score History
You have not taken this quiz